00323nam a2200121Ia 4500008004100000082001800041100002000059245005400079250000800133260003300141300001000174650001700184150201s2008 xx 000 0 und d a612.015bR08V aVASUDEVAN, D.M. aREVISION EXERCISES : BASED ON TB. OF BIOCHEMISTRY a5TH bJAYPEE BROTHERSaDELHIc2008 a1-251 aBIOCHEMISTRY